01427nam a2200253 4500003001000000005001700010007000300027008004100030020001800071040003000089041001300119100002800132245016500160260003900325300002800364490002700392520048100419650004200900650003800942655002800980942001501008999001501023952013501038AR-RoUNCS20260522140820.0ta210727s2008 sp a |r|||| 00| |aspa d a9788466639606 aAR-RoUNCSbspacAR-RoUNCS1 aspaheng1 aBau, Joseph,d1920-200213aEl pintor de Cracovia : buna de las más increíbles memorias que nos ha deparado el holocausto / cJoseph Bau ; traducción de Antonio Luis Golmar Gallego. aBarcelona : bEdiciones B,cc2008. a282 p. :bil. ;c24 cm.0 aNo ficción. Historia aEn La lista de Schindler, los espectadores de todo el mundo vieron el milagro de la boda clandestina de dos judíos en el campo de concentración de Plaszow. El novio era un joven pintor llamado Joseph Bau, a quien las autoridades nazis habían adjudicado el número 69084. Bau describe el Holocausto de principio a fin, sin perder jamás la humanidad, la dignidad ni el humor, y lo acompaña de poemas, ilustraciones y mapas, así como de un retrato de Oskar Shindler. 7aHolocausto judío (1939-1945)2embne 7aCampos de concentración 2embne 7aAutobiografías2embne 2udccOGn0 c1029d1029 00102udc40708CGaESOCIALESbESOCIALESd2026-05-22eDonaciónl0o82-94(438) B337p000979r2026-05-22 14:11:24w2026-05-22yOG